000
00330nam a2200145Ia 4500
008
230711s9999||||xx |||||||||||||| ||und||
041
_a
ENG
082
_a
720
_b
BO-I
100
_a
Bond,Ruskin
245
0
_a
Indian ghost stories
250
_a
1st
260
_c
1993
_a
New Delhi
_b
Penguin Books
650
_a
Literature
942
_c
BK
999
_c
3226
_d
3226